000
00324nam a22001337a 4500
008
170421b xxu||||| |||| 00| 0 eng d
020
_a
9780312440831
041
_a
eng
080
_2
4 ED
_a
573
100
_a
11
101
_a
SHM
245
_a
WRITING PAPERS IN THE BIOLOGICAL SCIENCE
_c
,MCMILLAN.V.E
942
_2
udc
_c
BK
999
_c
11463
_d
11463